000 01298cmm a2200361 c 4500
001 39625
003 DO-SdBNP
005 20170918101354.0
007 39625
008 110429s2007 sp i 000 spa
015 _a
017 _a
_b
_z
020 _a9788497512299
035 _a
040 _aBPMSU
_bspa
_cBPMSU
_e
080 _a
082 _aR612
_bA881c
245 0 0 _aAtlas del cuerpo humano /
_h
_ceditor Jordi Vigué ; asesoramiento científico general Emilio Martín Orte
260 0 _aBarcelona :
_b Lexus,
_c2007
300 _a 560 p.; xii
_b il. :
_c32 cm.
500 _aIncluye índice
505 _tAnatomía --
_tFisiología --
_tPatología --
538 _aRequisitos del sistema: Procesador Pentium III; sistema operativo Windows 98 o superior; 128 MB de memoria RAM; lector de CD-ROM de 12x; resolución de pantalla 800 x 600 píxeles; tarjeta gráfica 24 bits (millones de colores); tarjeta de sonido 16 bits
650 4 _a ANATOMÍA HUMANA
_vATLAS
650 4 _aHISTOLOGÍA
_vATLAS
650 4 _aPATOLOGÍA
_vATLAS
700 1 2 _a Vigué, Jordi
_eed.
700 1 2 _aOrte, Emilio Martín
910 _aValidado. Control de calidad MFF
942 _2ddc
_cBK
945 _aInventariado, 2017/MFF
956 _aVMATEO
_b10
_c20160518
_dBPMSU
_f0069
999 _c10172
_d10172